000 00499nam a2200193 a 4500
001 1777027203102
003 YourLibrary
005 20260424161206.0
008 260424s1987##################000#0#eng##
020 _a9780521375870
082 0 4 _a345.4104HER
100 1 _aHerrup, Cynthia B.,
_eauthor.
245 1 0 _aThe Common Peace :
260 _bCambridge University Press,
_c1987.
300 _a256 pages
650 0 _aHistory.
942 _cENGLISH
040 _aYourLibrary
_beng
_cYourLibrary
999 _c619819
_d619819